000 00372nam a22001577a 4500
005 20200527094749.0
008 200527b xxu||||| |||| 00| 0 eng d
041 _aeng
082 _a340
100 _aBARE ACT
_95744
245 _aTHE AADHAAR ACT,2016 (18-2016)
260 _aDELHI
_bPROFESSIONALS BOOK PUBLISHERS
300 _a88;p
650 _aLAW
_95701
942 _cBK
999 _c6517
_d6515